Statistics for 11 Sovereign States of "Lesser Oceania" Quiz - USA-centric

Click here to take the quiz!

General Stats

  • This quiz has been taken 8 times
  • The average score is 9 of 15

Answer Stats

QuestionAnswer% Correct
Which one of the following is NOT a sovereign nation in "Lesser Oceania"?Sao Tome and Principe
100%
Which one of the following is NOT a sovereign nation in "Lesser Oceania"?Seychelles
100%
Which one of the following is NOT a sovereign nation in "Lesser Oceania"?Eswatini
88%
Which one of the following is NOT a sovereign nation in "Lesser Oceania"?Guinea-Bissau
88%
With perhaps very small exceptions at the municipal or district level, which of the following is NOT an official language of any of the 11 Sovereign Nations of "Lesser Oceania"?Spanish
88%
The total population of the 11 Sovereign Nations in "Lesser Oceania" is roughly how many people?2.5 million
75%
The only nation in the 11 Sovereign Nations in "Lesser Oceania" that does not have an official capital is…?Nauru
75%
The most populous of the 11 Sovereign Nations In "Lesser Oceania" is…?Fiji
63%
The most populous metropolitan area in the 11 Sovereign Nations in "Lesser Oceania" is in…?Fiji
63%
The main item of agricultural produce from Oceania AT LARGE (not just the 11 Sovereign States of "Lesser Oceania") is…?Coconut
38%
The largest island in the 11 Sovereign Nations in "Lesser Oceania" is in…?Fiji
38%
The total land area of the 11 Sovereign Nations in "Lesser Oceania" is rougly equivalent to the land area of which U.S. state?West Virginia
38%
62 square miles is slightly larger than the land area of Washington DC, which has a land area of 61 miles. How many islands among the 11 Sovereign Nations of "Lesser Oceania" have a land area of 62 square miles or larger?40 - 60
25%
An "Exclusive Economic Zone" (or EEZ) is the area of the ocean, beyond a country's land borders, to which a country has special rights regarding the resources of the ocean. Although the total land area of 1) Micronesia and 2) Kiribati is below 325 square miles each, their EEZs, RESPECTIVELY, are 1) almost exactly the same size as and 2) about 16% larger than the total land area of what country?India
25%
620 square miles is roughly half the size of the land area of the State of Rhode Island, which has a land area of about 1200 square miles. How many islands among the 11 Sovereign Nations of "Lesser Oceania" have a land area of 620 square miles or larger?11 -15
13%

Score Distribution

Percentile by Number Answered

Percent of People with Each Score

Your Score History

You have not taken this quiz